Online
Catalog

Viaje por la república de Colombia en 1823 / (Record no. 7096)

MARC details
000 -CABECERA
campo de control de longitud fija 01064cam a2200253 a 4500
001 - NÚMERO DE CONTROL
campo de control 000007315
005 - FECHA Y HORA DE LA ÚLTIMA TRANSACCIÓN
campo de control 20200929154130.0
008 - DATOS DE LONGITUD FIJA--INFORMACIÓN GENERAL
campo de control de longitud fija 930927s1992 ck a b 000 0 spa c
010 ## - NÚMERO DE CONTROL DE LA BIBLIOTECA DEL CONGRESO
Número de control de LC 93211398
020 ## - NÚMERO INTERNACIONAL ESTÁNDAR DEL LIBRO
Número Internacional Estándar del Libro 9586120899
040 ## - FUENTE DE LA CATALOGACIÓN
Centro catalogador/agencia de origen DO-SdBNP
Lengua de catalogación spa
Centro/agencia transcriptor BNPHU
Centro/agencia modificador DLC
082 ## - NÚMERO DE LA CLASIFICACIÓN DECIMAL DEWEY
Número de clasificación 910.09861
Número de documento/Ítem M726v
100 1# - ENTRADA PRINCIPAL--NOMBRE DE PERSONA
Nombre de persona Mollien, Gaspard Théodore,
Fechas asociadas al nombre 1796-1872.
9 (RLIN) 20335
245 10 - MENCIÓN DE TÍTULO
Título Viaje por la república de Colombia en 1823 /
Mención de responsabilidad, etc. Gaspard-Théodore Mollien ; prólogo Carlos José Reyes.
260 ## - PUBLICACIÓN, DISTRIBUCIÓN, ETC.
Lugar de publicación, distribución, etc. Bogotá :
Nombre del editor, distribuidor, etc. Comisión Quinto Centenario-Colombia ;
-- Instituto Colombiano de Cultura,
Fecha de publicación, distribución, etc. c1992.
300 ## - DESCRIPCIÓN FÍSICA
Extensión 460 p. :
Otras características físicas il. ;
Dimensiones 24 cm.
490 1# - MENCIÓN DE SERIE
Mención de serie Biblioteca V Centenario Colcultura
-- Viajeros por Colombia
490 1# - MENCIÓN DE SERIE
Mención de serie Biblioteca popular de cultura colombiana
Designación de volumen o secuencia 46
504 ## - NOTA DE BIBLIOGRAFÍA, ETC.
Nota de bibliografía, etc. Incluye referencias bibliográficas.
651 #4 - PUNTO DE ACCESO ADICIONAL DE MATERIA--NOMBRE GEOGRÁFICO
Nombre geográfico Colombia
Subdivisión general Descripciones Y Viajes.
9 (RLIN) 16997
700 1# - PUNTO DE ACCESO ADICIONAL--NOMBRE DE PERSONA
Nombre de persona Reyes, Carlos José,
Término indicativo de función/relación pról.
9 (RLIN) 9872
830 #0 - PUNTO DE ACCESO ADICIONAL DE SERIE-TÍTULO UNIFORME
Título uniforme Biblioteca V Centenario Colcultura,
Nombre de parte o sección de la obra Viajeros por Colombia
9 (RLIN) 20309
830 #0 - PUNTO DE ACCESO ADICIONAL DE SERIE-TÍTULO UNIFORME
Título uniforme Biblioteca popular de cultura colombiana ;
Designación de volumen o secuencia 46.
9 (RLIN) 20336
Holdings
Estado de retiro Estado de pérdida Restricciones de uso No para préstamo Código de colección Localización permanente Ubicación/localización actual Ubicación en estantería Fecha de adquisición Número de inventario Total de préstamos Signatura topográfica completa Código de barras Fecha visto por última vez Precio válido a partir de Tipo de ítem Koha
    Préstamo interno   Monografías: Libros y Folletos General General En catalogación 07.09.2009 LF1   910.09861 M726v 7315-10 25.06.2020 25.06.2020 Préstamo interno

Powered by Koha